| 000 | 01272nam a22003497a 4500 | ||
|---|---|---|---|
| 003 | CHAP | ||
| 005 | 20220329143052.0 | ||
| 008 | 051130d2005 mx d rs 00110 spa d | ||
| 010 | _a91467 | ||
| 011 | _a92439 | ||
| 020 | _a9701345142 | ||
| 035 | _a103003 | ||
| 040 | _cCHAP | ||
| 082 | 0 | 4 |
_a312.0972 _bI67 2005 |
| 110 | 2 |
_aInstituto Nacional de Estadística, Geografía e Informática. México _959304 |
|
| 245 | 1 | 4 |
_aLos hogares con jefatura femenina _c/por Instituto Nacional de Estadística, Geografía e Informática |
| 250 | _a2 ed. | ||
| 260 |
_aAguascalientes, Ags. : _bInstituto Nacional de Estadística, Geografía e Informática, _c2005 |
||
| 300 |
_a157 p. : _bgráfs. ; cuadros |
||
| 590 |
_aBATCH-UPD _b10 _c20130110 _lUCH01 _h1014 |
||
| 590 |
_aBATCH-UPD _b10 _c20130410 _lUCH01 _h0621 |
||
| 590 |
_aBATCH-UPD _b10 _c20130914 _lUCH01 _h1340 |
||
| 590 |
_aCONVERSION _b10 _c20130109 _lUCH01 _h1351 |
||
| 650 | 0 | 4 |
_aMujer _xSituación social _zColima. _979337 |
| 650 | 1 | 4 |
_aFamilia _xEstadísticas. _939406 |
| 650 | 1 | 4 |
_aFamilia _xMéxico. _939408 |
| 650 | 1 | 4 |
_aPoblación _xEstadísticas _zMéxico. _989385 |
| 901 | _aBK | ||
| 905 | _aMarco A. Mendoza T. | ||
| 942 | _cLIBRO | ||
| 949 |
_a312.0972 I67 2005 _bBC _cINEGI _d33724000967428 _eINEGI _h107553 _i103003 _sb |
||
| 999 |
_c91467 _d91467 |
||